000 00395nam a2200145Ia 4500
008 230917s9999||||xx |||||||||||||| ||und||
040 _e211553
_aMAIN
041 _aEnglish
082 _a658.4 K85E
100 _aKravtiz, Michael S
245 0 _aEmotional intelligence works: Developing 'people smart' strategies
250 _a3rd ed.
260 _aNew Delhi
_bViva Books
_c2011
942 _cBK
999 _c172057
_d172057